000 00335nam a22001337a 4500
008 250915b |||||||| |||| 00| 0 eng d
020 _a9781803238531
100 _aAversa, Davide
245 _aUnity artificial intelligence programming
250 _a5th Ed.
260 _aMumbai
_bPackt Publisher
_c2022
300 _a288
942 _cC
999 _c63733
_d63733